|
|
|
|
| LEADER |
00682cam a2200217 7i4500 |
| 001 |
0000050376 |
| 005 |
20170218090000.0 |
| 020 |
|
|
|a 0619058447
|
| 020 |
|
|
|a 0619058439
|
| 090 |
0 |
0 |
|a HF5548.4.M525
|b P38 2012
|
| 100 |
0 |
|
|a Pasewark
|
| 245 |
1 |
0 |
|a Microsoft Office XP :
|b introductory course
|c Pasewark and Pasewark.
|
| 260 |
|
|
|a Australia:
|b Course Technology,
|c 2012.
|
| 300 |
|
|
|a v.:
|b col. ill.;
|c 27 cm.
|
| 500 |
|
|
|a Includes index
|
| 650 |
0 |
0 |
|a Integrated software
|
| 650 |
0 |
0 |
|a Business --
|x Computer programs
|
| 650 |
0 |
0 |
|a Computer user training
|
| 700 |
0 |
|
|a Pasewark
|
| 997 |
|
|
|a Business & Accountancy, Faculty
|
| 999 |
|
|
|a 0000058848
|b BOK
|c OPEN SHELF
|e 1st Floor, Shah Alam
|